Riadenie organizácie na báze modelu EFQM

Saved in:
Bibliographic Details
Main Author: Turisová, Renáta
Other Authors: Naščáková, Jana, Liberko, Igor
Format: Book Chapter
Language:Slovak
Tags: Add Tag
No Tags, Be the first to tag this record!

MARC

LEADER 00000naa a2200000 4500
001 0182175
005 20240502073123.7
041 0 |a slo 
044 |a SK 
245 1 0 |a Riadenie organizácie na báze modelu EFQM  |c Renáta Turisová, Jana Naščáková, Igor Liberko 
100 1 |a Turisová, Renáta 
700 1 |a Naščáková, Jana 
700 1 |a Liberko, Igor